Fête Nationale - Statistiques

Statistiques générales
  • Ce quiz a été pris 27 fois
  • Le résultat moyen est 7 sur 20
Statistiques - réponses
Dates Événements Pays % Correct
1er octobre et 2 octobre Proclamation de la République populaire de ______, communiste, par Mao Zedong en 1949. Chine
100%
30 mai Constitution du premier parlement croate multi-partite moderne (1990) Croatie
100%
3 novembre Anniversaire de l'indépendance. Dominique
100%
4 juillet Déclaration d'indépendance de 1776 ; célébrée sous le nom d'Independence Day (Fête de l'Indépendance). États-Unis
100%
6 décembre Déclaration d'indépendance ________ de 1917. Finlande
100%
1er janvier Indépendance de la France en 1804. Haïti
100%
15 mars20 août 23 octobre Commémoration de la révolution hongroise de 1848 contre la domination habsbourgeoise. Fête de saint Étienne, ce jour célèbre la fondation de l'État hongrois en 1000. Anniversaire de la révolution de 1956 contre le régime communiste. Hongrie
100%
26 janvier15 août 2 octobre Proclamation de la république en 1950Jour de l'Indépendance en 1947 Anniversaire de Gandhi Inde
100%
17 août Proclamation de l'indépendance vis-à-vis des Pays-Bas en 1945(transfert effectif de souveraineté le 27 décembre 1949). Indonésie
100%
17 mars Fête de la Saint-Patrick Irlande
100%
22 novembre Indépendance en 1943. Liban
100%
16 septembre Grito de Dolores (Appel à la sédition en faveur de Ferdinand VII contre les autorités de la Nouvelle-Espagne (1810) favorables à Joseph Bonaparte, marquant le début de la Guerre d'indépendance). Mexique
100%
11 et 12 juillet Naadam : Fête de la révolution et de l'indépendance-1921 Mongolie
100%
1er septembre Date de l'indépendance (1991), après dislocation de l'URSS. Ouzbékistan
100%
28 juillet Déclaration d'indépendance vis-à-vis de l'Espagne en 1821. Pérou
100%
3 mai11 novembre Proclamation de la Constitution polonaise du 3 mai 1791Anniversaire de l'indépendance. Pologne
100%
27 février Indépendance de l'Espagne en 1865 à la suite de la guerre de restauration dominicaine République dominicaine
100%
1er juillet Anniversaire de l'indépendance. Rwanda
100%
1er janvier1er septembre Dissolution de la Tchécoslovaquie. Jour de la Constitution Slovaquie
100%
9 septembre Fête de l'indépendance vis-à-vis de l'URSS en 1991, après dislocation de l'URSS. Tadjikistan
100%
29 octobre Fondation de la république en 1923. Turquie
100%
24 août Jour de la déclaration d'indépendance en 1991, après dislocation de l'URSS. Ukraine
100%
24 mai Déclaration d'indépendance vis-à-vis de l'Éthiopie (1990) Érythrée
50%
23 juillet Indépendance autoproclamée vis-à-vis de la République de Géorgie (1992), reconnue par la Russie et quelques-uns de ses alliées après la guerre russo-géorgienne (2008) Abkhazie
0%
19 août Jour de l'indépendance (1919). Afghanistan
0%
27 avril Première élection démocratique en 1994. Afrique du Sud
0%
28 novembre Indépendance face à l'Empire ottoman en 1912. Albanie
0%
5 juillet1er novembre Indépendance du pays vis-à-vis de la France en 1962.Début de la guerre d’indépendance en 1954 Algérie
0%
3 octobre Anniversaire de la Réunification (Wiedervereinigung) de l'Allemagne en 1990. Allemagne
0%
8 septembre Fête de Notre Dame de Meritxell, sainte patronne de l'Andorre. Andorre
0%
23 avril / Angleterre
0%
11 novembre Jour de l'indépendance vis-à-vis du Portugal (1975). Angola
0%
1er novembre Indépendance vis-à-vis du Royaume-Uni (1981). Antigua-et-Barbuda
0%
23 septembre Création du Royaume _____ _____ (1932). Arabie Saudite
0%
25 mai Révolution de Mai (1810). Argentine
0%
21 septembre Jour de l'indépendance (1991), après dislocation de l'URSS. Arménie
0%
18 mars « Jour du drapeau » : accord pour l'auto-détermination avec les Pays-Bas en 1948. Aruba
0%
26 janvier Débarquement des premiers colons britanniques en 1788. Australie
0%
26 octobre Nationalfeiertag : Adoption de la loi constitutionnelle pour la Neutralité du pays en 1955. Autriche
0%
28 mai Proclamation de l'indépendance vis-à-vis de la République démocratique fédérative de Transcaucasie en 1918. Azerbaïdjan
0%
10 juillet Indépendance du Royaume-Uni en 1973. Bahamas
0%
16 décembre Intronisation de l'émir Issa ben Salmane Al Khalifa en 1961. Bahreïn
0%
26 mars Proclamation de l'indépendance du Pakistan en 1971. Bangladesh
0%
30 novembre Indépendance du Royaume-Uni en 1966. Barbade
0%
21 juillet Fête nationale : Prestation de serment du roi Léopold Ier en 1831. Belgique
0%
21 septembre Indépendance déclarée du Royaume-Uni en 1981. Bélize
0%
1er août Anniversaire de l'indépendance en 1960 (anciennement français). Bénin
0%
14 mai Initialement Anniversaire de la Reine Victoria ; aujourd'hui « Fête des ______» pour célébrer la culture et le patrimoine des îles. Bermudes
0%
17 décembre Prise du pouvoir par Ugyen Wangchuk premier roi héréditaire en 1907. Bhoutan
0%
3 juillet Date de la libération de Minsk par l'Armée rouge en 1944. Biélorussie
0%
4 janvier Anniversaire de l'indépendance en 1948. Birmanie
0%
6 août Indépendance de l'Espagne en 1825. Bolivie
0%
21 novembre Jour des accords de Dayton (1995). Bosnie-Herzégovine
0%
30 septembre Déclaration d'indépendance vis-à-vis du Royaume-Uni (1966) Botswana
0%
7 septembre Indépendance proclamée du Portugal en 1822, appelée « cri d'Ipiranga », en portugais : « grito do Ipiranga ». Brésil
0%
23 février Fin du protectorat britannique et indépendance (1984) Brunei
0%
3 mars Libération de la domination ottomane. Bulgarie
0%
11 décembre Proclamation de la République (1958) Burkina Faso
0%
1er juillet Indépendance de la Belgique (1962). Burundi
0%
9 novembre Fête de l'indépendance vis-à-vis de la France (9 novembre 1953) Cambodge
0%
20 mai Référendum sur la fin du système fédéral le 20 mai 1972[3].Mais le pays a eu son indépendance le 1er janvier 1960. Sa devise: « Paix-Travail-Patrie ». Cameroun
0%
1er juillet Anniversaire de la confédération en 1867. Canada
0%
5 juillet Anniversaire de l'indépendance en 1975 (anciennement portugais). Cap-Vert
0%
18 septembre Indépendance de l'Espagne en 1818 Chili
0%
1er octobre Indépendance vis-à-vis du Royaume-Uni (1960) Chypre
0%
20 juillet Anniversaire de l'indépendance de l'Espagne en 1810 Colombie
0%
6 juillet Anniversaire de l'indépendance en 1975 (anciennement français). Comores
0%
9 septembre Proclamation de la République Populaire Démocratique de _____ en 1948. Corée du Nord
0%
15 août Annonce de la capitulation du Japon en 1945 qui signifie pour la _____ la fin des 35 années de colonisation par le Japon. Le 15 août 1948 marque également l'établissement de la République de ______. Corée du Sud
0%
15 septembre Déclaration d'indépendance de l'Espagne en 1821. Costa Rica
0%
7 août Fête de l'indépendance, en mémoire aux éléphants vivants en Côte d'Ivoire : emblème officiel du pays. Côte d’Ivoire
0%
26 juillet Prise de la Caserne Moncada, Santiago de ____, 1953 Cuba
0%
16 avril5 juin Anniversaire de la Reine Margrethe II.Constitution de 1849 Danemark
0%
27 juin Anniversaire de l'indépendance vis à vis de la France en 1977. Djibouti
0%
30 novembre / Écosse
0%
23 juillet Révolution de 1952. Égypte
0%
2 décembre Création de la Fédération (1971) Émirats Arabes Unis
0%
10 août Indépendance de l'Espagne en 1825 Équateur
0%
12 octobre Jour de l'hispanité ; célèbre la redécouverte de l'Amérique en 1492 pour les ______.. Espagne
0%
24 février Jour de l'Indépendance (1918) Estonie
0%
6 septembre Indépendance vis-à-vis du Royaume-Uni Eswatini
0%
3 novembre Fête de l'indépendance vis-à-vis de la tutelle US en 1979. États fédérés de Micronésie
0%
28 mai Jour de la chute du Derg en 1991. Éthiopie
0%
10 octobre Fête de l’Indépendance Fidji
0%
14 juillet Fête nationale : Prise de la Bastille (1789) et Fête de la Fédération (1790). Le Sénat vota cette date comme fête nationale par une loi du 6 juillet 1880, sans préciser quel était l'événement célébré France
0%
17 août Anniversaire de l'indépendance vis-à-vis de la France en 1960. Gabon
0%
18 février Fête de l'indépendance. Gambie
0%
26 mai Restauration de l'indépendance vis-à-vis de la République démocratique fédérative de Transcaucasie et proclamation de la République démocratique de ______ en 1918. Géorgie
0%
6 mars Déclaration d'indépendance en 1957. Ghana
0%
10 septembre Référendum sur l'autodétermination en 1967. Gibraltar
0%
25 mars28 octobre Insurrection de 1821 contre la domination ottomane. Jour du Non. Grèce
0%
7 février Indépendance vis-à-vis du Royaume-Uni (1974) Grenade
0%
21 juillet « Liberation Day » (Fête de la libération), commémore le début de la Bataille de Guam. Guam
0%
15 septembre Indépendance de l'Espagne en 1821. Guatemala
0%
2 octobre Indépendance vis-à-vis de la France (1958) Guinée
0%
24 septembre Anniversaire de l'indépendance. Guinée-Bissau
0%
12 octobre Indépendance de l'Espagne en 1968. Guinée équatoriale
0%
23 février Indépendance vis-à-vis du Royaume-Uni (1966) et Proclamation de la République (1970) Guyana
0%
15 septembre Déclaration d'indépendance vis-à-vis de l'Espagne en 1821. Honduras
0%
5 juillet Solstice d'été dans le calendrier julien, 1417. Île de Man
0%
1er lundi de juillet / Îles Caïmans
0%
4 août Fête de la Constitution de 1965. Îles Cook
0%
1er mai Fête de la Constitution de 1979. Îles Marshall
0%
7 juillet Indépendance vis-à-vis du Royaume-Uni (1978) Îles Salomon
0%
N/D / Irak
0%
11 février Proclamation de la république islamique d'____. Iran
0%
17 mars12 juillet / Irlande du Nord
0%
17 juin Proclamation de la république en 1944. Islande
0%
5 lyar Yom Ha'atzmaout (selon le calendrier juif, mais selon le calendrier grégorien la date peut varier d'avril à mai suivant les années).Proclamation de l'État d'Israël le 14 mai 1948 (5 Iyar 5708). 3 mai, jour de l'Indépendance selon l'ONU. Israël
0%
25 avril2 juin Fête de la libération.Abolition de la Monarchie et proclamation de la République en 1946 Italie
0%
6 août Jour de l'indépendance. Jamaïque
0%
11 février 23 février Fête de la Fondation (660 av. J.-C.).Tennō Tanjōbi ou Anniversaire de l'Empereur en place, Naruhito. Japon
0%
25 mai Date de l'indépendance en 1946 Jordanie
0%
16 décembre Date de l'indépendance Kazakhstan
0%
12 décembre Jamhuri Day : Jour de l'indépendance en 1963. Kenya
0%
31 août Proclamation d'indépendance vis-à-vis de l'URSS (1991) Kirghistan
0%
12 juillet Anniversaire de l'indépendance vis-à-vis du Royaume-Uni en 1979. Kiribati
0%
17 février Ll'indépendance Kosovo
0%
2 décembre Proclamation de la République populaire. Laos
0%
4 octobre Jour de l'indépendance. Lesotho
0%
18 novembre Jour de l'Indépendance (1918) Lettonie
0%
26 juillet Proclamation de la République en 1847. Liberia
0%
17 févrierOu 23 octobre La _____ n'a officiellement aucune fête nationale.Révolution libyenne (2011) Anniversaire de la proclamation de la libération (2011) Libye
0%
15 août Indépendance à la suite de la dissolution du Saint-Empire par Napoléon 1er (1806) Liechtenstein
0%
16 février 11 mars 6 juillet Déclaration d'indépendance vis-à-vis de la Russie (1918)Rétablissement de l'indépendance vis-à-vis de l'URSS (1991) Couronnement du roi Mendog (1253) Lituanie
0%
23 juin Célébration publique de l'anniversaire du Souverain. Luxembourg
0%
2 août 8 septembre Jour Uprising (1903) Indépendance. Macédoine du Nord
0%
26 juin Déclaration d'indépendance de la France en 1960. Madagascar
0%
31 août Indépendance vis-à-vis du Royaume-Uni (1957) Malaisie
0%
6 juillet Jour de l'Indépendance (Jour de République) en 1964. Malawi
0%
26 juillet Indépendance vis-à-vis du Royaume-Uni (1965) Maldives
0%
22 septembre Proclamation de la République. Mali
0%
21 septembre Indépendance vis-à-vis du Royaume-Uni (1964) Malte
0%
30 juillet Intronisation du roi Mohammed VI Maroc
0%
28 novembre Proclamation de l'indépendance en 1960. Mauritanie
0%
12 mars Accession à l'indépendance en 1968. Mauroce
0%
27 août Anniversaire de l'indépendance (1991), après dislocation de l'URSS. Moldavie
0%
19 novembre Fête du Prince. Monaco
0%
13 juillet Reconnaissance du pays par le congrès de Berlin (1878) Monténégro
0%
25 juin Indépendance vis-à-vis du Portugal (1975) Mozambique
0%
21 mars Indépendance vis-à-vis de l'Afrique du Sud (1990) Namibie
0%
31 janvier Jour de l'indépendance (1968). Nauru
0%
7 juillet Anniversaire de la naissance de Sa Majesté le Roi. Népal
0%
15 septembre Déclaration d'indépendance de l'Espagne en 1821. Nicaragua
0%
18 décembre Proclamation de la République. Niger
0%
1er octobre Indépendance vis-à-vis du Royaume-Uni (1960) Nigeria
0%
19 octobre Indépendance vis-à-vis de la Nouvelle-Zélande en 1974 Niue
0%
17 mai Fête de la Constitution (1814). Norvège
0%
6 février Waitangi Day : commémoration du traité de Waitangi en 1840 entre les Maori et la Couronne britannique. Nouvelle-Zélande
0%
18 novembre Anniversaire du sultan Qabus ibn Saïd (1940) Oman
0%
20 septembre ndépendance autoproclamée vis-à-vis de la République de Géorgie (1990), reconnue par la Russie et quelques-uns de ses alliées après la guerre russo-géorgienne (2008). Ossétie du Sud-Alanie
0%
9 octobre Indépendance vis-à-vis du Royaume-Uni (1962) Ouganda
0%
23 mars Proclamation de la République islamique en 1956. Pakistan
0%
9 juillet Fête de la constitution (1969) Palaos
0%
15 novembre Proclamation d'indépendance de 1988. Palestine
0%
28 novembre Indépendance de l'Empire espagnol en 1821. Panama
0%
16 septembre Anniversaire de l'indépendance. Papouasie-Nouvelle-Guinée
0%
15 mai Indépendance de l'Espagne en (1811). Paraguay
0%
27 avril Fête du Roi (si la fête tombe un dimanche, elle est avancée au samedi.) Pays-Bas
0%
1er mars / Pays de Galles
0%
12 juin Déclaration d'indépendance de l'Espagne en 1898. Philippine
0%
25 juillet Célébration de la Constitution de 1952. Porto Rico
0%
10 juin1er décembre Célébration de la mort du poète Luis de Camões (1580).Restauration de l'indépendance nationale vis-à-vis de l'Espagne en 1640. Portugal
0%
18 décembre Accession au trône de la famille Al Thani. Qatar
0%
1er décembre Proclamation de la République (1958) République centrafricaine
0%
30 juin Accession à l'indépendance de la Belgique en 1960. République Démocratique du Congo
0%
15 août Accession à l'indépendance de la France en 1960. République du Congo
0%
1er décembre Célébration de la Grande Union de 1918. Roumanie
0%
/ Le ________-____ n'a pas de fête nationale. La célébration de l'« anniversaire officiel » de Sa Majesté la Reine, le deuxième samedi du mois de juin, est parfois considéré officieusement comme telle. Royaume-Uni
0%
12 juin Anniversaire de l'indépendance vis-à-vis de l'Union soviétique (1991) Russie
0%
19 septembre Anniversaire de l'indépendance 1963. Saint-Christophe-et-Niévès
0%
22 février Anniversaire de l'indépendance. Sainte-Lucie
0%
3 septembre Fondation du pays par Saint Marin Saint-Marin
0%
27 octobre Anniversaire de l'indépendance 1979. Saint-Vincent-et-les-Grenadines
0%
15 septembre Déclaration d'indépendance de l'Espagne en 1821. Salvador
0%
1er juin Célébration de l'indépendance. Samoa
0%
12 juillet Proclamation d'indépendance vis-à-vis du Portugal (1975) Sao Tomé-et-Principe
0%
4 avril Anniversaire de l'indépendance. Sénégal
0%
15 février Commémoration du premier soulèvement serbe. Serbie
0%
29 juin Indépendance vis-à-vis du Royaume-Uni (1976) Seychelles
0%
27 avril Anniversaire de l'indépendance. Sierra Leone
0%
9 août Indépendance vis-à-vis de la Fédération de Malaisie (1965) Singapour
0%
25 juin Anniversaire de l'indépendance. Slovénie
0%
1er juillet Indépendance vis-à-vis de l'Italie et du Royaume-Uni (1960) Somalie
0%
1er janvier Indépendance vis-à-vis de l'Égypte et du Royaume-Uni (1956) Soudan
0%
9 juillet Anniversaire de l'indépendance[1]. Soudan du Sud
0%
4 février Anniversaire de l'indépendance en 1948. Sri Lanka
0%
6 juin Sacre de Gustav Vasa en 1523. Constitution de 1809. Suède
0%
1er août Signature du Pacte fédéral au début aout 1291, première alliance des représentants des 3 premiers cantons : Uri, Schwytz et Unterwald. Suisse
0%
25 novembre Signature du Pacte fédéral au début aout 1291, première alliance des représentants des 3 premiers cantons : Uri, Schwytz et Unterwald. Suriname
0%
17 avril Fête de l'Évacuation. Syrie
0%
10 octobre Anniversaire du renversement de l'Empire 10 octobre 1911. Taïwan
0%
26 avril Union du Tanganyika et de Zanzibar (1964) Tanzanie
0%
11 août Anniversaire de l'indépendance. Tchad
0%
28 octobre Indépendance vis-à-vis de l'Autriche-Hongrie en 1918. Tchéquie
0%
28 juillet Anniversaire du roi Rama X. Thaïlande
0%
20 mai Indépendance vis-à-vis de l'Indonésie en 2002. Timor Oriental
0%
27 avril Déclaration d'indépendance en 1957. Togo
0%
4 novembre Fête de l'émancipation[1], commémore l'abolition du servage en 1862 et l'indépendance vis-à-vis du Royaume-Uni en 1972. Tonga
0%
31 août Indépendance vis-à-vis du Royaume-Uni (1962) Trinité-et-Tobago
0%
20 mars25 juillet Jour de l'indépendance (1956).Fête de la République. Tunisie
0%
27 octobre Fête de l'indépendance vis-à-vis de l'URSS en 1991, après dislocation de l'URSS. Turkménistan
0%
1er octobre Fête de l'indépendance vis-à-vis des Kiribati (îles Gilbert) en 1975 et du Royaume-Uni en 1978. Tuvalu
0%
25 août Proclamation d'indépendance de l'Espagne en 1823 Uruguay
0%
30 juillet Anniversaire de l'indépendance. Vanuatu
0%
19 mars Anniversaire de la messe d'inauguration du pape : sous François, le 19 mars 2013. Vatican
0%
5 juillet Déclaration d'indépendance de l'Espagne en 1811. Venezuela
0%
2 septembre Indépendance de la France en 1945 Viêt Nam
0%
22 mai Unification du ______ du Sud et du ______ du Nord (1990) Yémen
0%
24 octobre Indépendance vis-à-vis du Royaume-Uni en 1964. Zambie
0%
18 avril Anniversaire de l'indépendance. Zimbabwe
0%
Aucun quiz correspondant
Distribution des résultats
% des personnes avec chaque résultat
Percentile par nombre de réponses
Votre historique - résultats
Vous n’avez pas pris ce quiz